000 00393nam a22001697a 4500
003 OSt
005 20211126101913.0
008 211126b |||||||| |||| 00| 0 eng d
020 _a9781832406491
040 _chu
082 _a371.2
100 _ajayson bird
_920738
245 _aprincples of educationai leadership
260 _ausa
_bhall
_c2018
300 _a200
942 _2ddc
_cBOOKS
_n0
999 _c20329
_d20329